|
|
|
|
| LEADER |
00000nab a2200000 r4500 |
| 001 |
vtls011837997 |
| 003 |
SK-MaSNL |
| 005 |
20260303204146.0 |
| 008 |
190130c20180403xo mr|p|||||||000 b|slo |
| 015 |
|
|
|a SNBRB2019/01
|
| 038 |
|
|
|a PPPK
|
| 040 |
|
|
|a PPPKCL
|b slo
|e rda
|
| 041 |
0 |
|
|a slo
|
| 043 |
|
|
|a e-xo---
|
| 044 |
|
|
|a xo
|c SK
|
| 072 |
|
7 |
|a 796
|x Šport. Hry. Telesné cvičenia
|2 konspekt
|
| 080 |
|
|
|a 796.922.093
|x (437.6)
|2 2011
|
| 100 |
1 |
|
|a Jančík, M.
|4 aut
|9 1237558
|
| 245 |
1 |
0 |
|a Na Štrbskom Plese o majstrovské tituly v behu na lyžiach
|c M. Jančík
|
| 300 |
|
|
|b Fotografie
|
| 336 |
|
|
|a text
|b txt
|2 rdacontent
|
| 337 |
|
|
|a bez média
|b n
|2 rdamedia
|
| 338 |
|
|
|a zväzok
|b nc
|2 rdacarrier
|
| 611 |
2 |
7 |
|a Majstrovstvá Slovenskej republiky v behu na lyžiach
|d (2018 :
|c Štrbské Pleso, Slovensko)
|2 pppkcl
|9 1237230
|
| 611 |
2 |
7 |
|a Preteky FIS Cup
|d (2018 :
|c Štrbské Pleso, Slovensko)
|2 pppkcl
|9 1237231
|
| 611 |
2 |
7 |
|a Preteky olympijských nádejí z krajín V4
|d (2018 :
|c Štrbské Pleso, Slovensko)
|2 pppkcl
|9 1237232
|
| 648 |
|
7 |
|a 24.-25.3.2018
|2 pppkcl
|9 1195699
|
| 650 |
0 |
7 |
|a šport
|2 pppkcl
|9 1042
|
| 650 |
0 |
7 |
|a beh na lyžiach
|2 pppkcl
|9 3259
|
| 650 |
0 |
7 |
|a lyžiarske preteky
|2 pppkcl
|9 55635
|
| 651 |
|
7 |
|a Vysoké Tatry (Poľsko a Slovensko : pohorie)
|2 pppkcl
|9 67729
|
| 651 |
|
7 |
|a Štrbské Pleso (Štrba, Slovensko)
|2 pppkcl
|9 174790
|
| 773 |
0 |
|
|t Podtatranský kuriér : nezávislý spoločensko-ekonomický občasník
|g Roč. 8, č. 3 (3.4.2018), s. 8
|x 1338-5402
|
| 852 |
|
|
|a PPPK
|b KIS3GCP
|
| 999 |
|
|
|c 2188713
|d 2190643
|